Manažment podniku a akruálny princíp účtovníctva v synergickom vzťahu habilitačná prednáška

Saved in:
Bibliographic Details
Main Author: Hvastová, Jozefína, 1969-
Corporate Author: Ekonomická univerzita v Bratislave. Podnikovohospodárska fakulta so sídlom v Košiciach
Format: Book
Language:Slovak
Published: Bratislava Vydavateľstvo EKONÓM 2020
Edition:1. vydanie
Series:Habilitačné a inauguračné prednášky
Subjects:
Tags: Add Tag
No Tags, Be the first to tag this record!

MARC

LEADER 00000nam a2200000 4500
001 0270757
005 20240306142014.7
020 |a 978-80-225-4742-0 
041 0 |a slo 
044 |a SK 
245 1 0 |a Manažment podniku a akruálny princíp účtovníctva v synergickom vzťahu  |b habilitačná prednáška  |c Jozefína Hvastová 
250 |a 1. vydanie 
264 1 |a Bratislava  |b Vydavateľstvo EKONÓM  |c 2020 
300 |a 53 s. 
490 1 |a Habilitačné a inauguračné prednášky 
830 0 |a Habilitačné a inauguračné prednášky 
610 2 0 |a riadenie podnikové 
610 2 0 |a účtovníctvo 
610 2 0 |a legislatíva 
610 2 0 |a synergia 
610 2 0 |a informácie účtovné 
100 1 |a Hvastová, Jozefína, 1969- 
710 2 |a Ekonomická univerzita v Bratislave. Podnikovohospodárska fakulta so sídlom v Košiciach